Statistics for Most Famous City by Country - No Capitals

Click here to take the quiz!

General Stats

  • This quiz has been taken 104 times
  • The average score is 17 of 21

Answer Stats

CountryCity% Correct
United StatesNew York
99%
CanadaToronto
95%
AustraliaSydney
91%
SpainBarcelona
89%
BrazilRio de Janeiro
89%
TurkeyIstanbul
87%
United KingdomManchester
87%
ItalyMilan
86%
GermanyMunich
85%
ChinaShanghai
84%
IndiaMumbai
83%
RussiaSaint Petersburg
83%
FranceMarseille
79%
SwitzerlandZürich
79%
JapanOsaka
78%
PortugalPorto
78%
NetherlandsRotterdam
73%
PolandKraków
71%
SwedenMalmö
67%
MexicoGuadalajara
65%
ColombiaMedellín
65%

Score Distribution

Percentile by Number Answered

Percent of People with Each Score

Your Score History

You have not taken this quiz